Normal view
MARC view
- Maqbool Hussain, Syed
Entry Personal Name
001 - CONTROL NUMBER
- control field: 88942
003 - CONTROL NUMBER IDENTIFIER
- control field: NUST
005 - DATE AND TIME OF LATEST TRANSACTION
- control field: 20220210130914.0
008 - FIXED-LENGTH DATA ELEMENTS
- fixed length control field: 220210|| aca||aabn | a|a d
040 ## - CATALOGING SOURCE
- Original cataloging agency: NUST
- Transcribing agency: NUST
100 ## - HEADING--PERSONAL NAME
- Personal name: Maqbool Hussain, Syed
670 ## - SOURCE DATA FOUND
- Source citation: Work cat.: (NUST)587686: Maqbool Hussain, Syed, Sayings Of The Holy Prophet Muhammad (PBUH): , 2020.
